Statistiken für Mathematik: Zahlenreihen fortführen

Klicken Sie hier um das Quiz zu spielen!

Allgemein

  • Dieses Quiz wurde 2.248 mal gespielt
    (2.230 seit der letzten Aktualisierung)
  • Das Durchschnittsergebnis liegt bei 7 aus 13

Antwortstatistiken

ZahlenreiheNächste Zahl% Korrekt
70,67,64,61,5855 (-3)
99%
25,22,26,23,2724 (-3, dann +4)
93%
4,16,64,256,10244096 (x4)
86%
9,27,24,72,69207 (x3,-3)
73%
1,4,9,16,25,36,49,6481 (Quadratzahlen)
70%
1,2,6,24,120720 (x1,x2,x3 usw)
68%
2,3,5,7,11,13,17,19,23,2931 (Primzahlen)
62%
1,1,2,3,5,8,13,21,34,5589 (Fibonacci-Folge)
56%
1,10,11,100,101110 (Zahlenfolge ab 1 im binären Zahlensystem)
46%
1,3,6,11,18,29,4259 (Addition mit Primzahlenfolge)
35%
289,256,225,196,169144 (Quadratzahlen, kleiner werdend)
34%
1,4,13,40,121364 (Addition von Dreierpotenzen +3^1, +3^2, + 3^3 usw.)
15%
1,2,6,30,2102310 (Multiplikation mit Primzahlfolge)
14%

Verteilung der Resultate

Perzentil nach korrekt beantworteten Fragen

Anzahl Personen mit jedem Resultat

Ihre Resultats-Entwicklung

Sie haben dieses Quiz seit der letzten Aktualisierung nicht gespielt